Nghiên cứu chiết tách và xác định thành phần hóa học dầu và dịch chiết của hạt thầu dầu

Tổng quan; Nguyên liệu và phương pháp nghiên cứu; Kết quả và bàn luận.

Spremljeno u:
Bibliografski detalji
Glavni autor: Nguyễn Thị Ly
Daljnji autori: Trần Mạnh Lục TS. (Hướng dẫn)
Format: Knjiga
Jezik:Vietnamese
Izdano: Đà Nẵng Đại học Đà Nẵng 2013
Teme:
Oznake: Dodaj oznaku
Bez oznaka, Budi prvi tko označuje ovaj zapis!
Thư viện lưu trữ: Mạng thư viện Đại học Đà Nẵng
LEADER 01505nam a2200349 4500
001 000019491
003 15926
005 20140508160515.0
008 140508s2013 viesd
041 |a vie 
082 1 4 |a 664.36  |b NG-L 
100 1 |a Nguyễn Thị Ly 
245 1 |a Nghiên cứu chiết tách và xác định thành phần hóa học dầu và dịch chiết của hạt thầu dầu  |c Nguyễn Thị Ly ; Trần Mạnh Lục hướng dẫn.  |k Luận văn Thạc sĩ 
260 |a Đà Nẵng  |b Đại học Đà Nẵng  |c 2013 
300 |a 81 tr., phụ lục 26 tr.  |c 29 cm.  |e Tóm tắt 
500 |a Luận văn thạc sĩ Khoa học. Chuyên ngành: Hóa hữu cơ. Mã số: 60.44.27 
520 3 |a Tổng quan; Nguyên liệu và phương pháp nghiên cứu; Kết quả và bàn luận. 
650 0 4 |a Hạt thầu dầu  |v Luận văn  |x Nghiên cứu 
653 |a Hóa hữu cơ 
653 |a Hạt thầu dầu 
653 |a Thành phần hóa học 
700 1 |a Trần Mạnh Lục  |c TS.  |e Hướng dẫn 
OWN |a LSP 
AVA |a UDN50  |b LSP  |d 664.36 NG-L  |e available  |t Error 5001 Not defined in file expand_doc_bib_avail.  |f 1  |g 0  |h N  |i 0  |k 1 
999 |a From the UDN01 
AVA |a UDN50  |b LSP  |d 664.36 NG-L  |e available  |t Error 5001 Not defined in file expand_doc_bib_avail.  |f 1  |g 0  |h N  |i 0  |k 1 
TYP |a Monograph 
TYP |a Printed language 
980 |a Mạng thư viện Đại học Đà Nẵng